| 000 -LEADER |
| fixed length control field |
00615pab a2200193 454500 |
| 008 - FIXED-LENGTH DATA ELEMENTS--GENERAL INFORMATION |
| fixed length control field |
180718b2008 xxu||||| |||| 00| 0 eng d |
| 100 ## - MAIN ENTRY--PERSONAL NAME |
| Personal name |
Singh, Ruchi |
| 245 ## - TITLE STATEMENT |
| Title |
A comparative study of social support and family environment on stress management amongst public and private sector executives |
| 260 ## - PUBLICATION, DISTRIBUTION, ETC. |
| Date of publication, distribution, etc. |
2008 |
| 300 ## - PHYSICAL DESCRIPTION |
| Extent |
2(1), Jan 2009,p.12-17. |
| 362 ## - DATES OF PUBLICATION AND/OR SEQUENTIAL DESIGNATION |
| Dates of publication and/or sequential designation |
Jul |
| 650 ## - SUBJECT ADDED ENTRY--TOPICAL TERM |
| Topical term or geographic name entry element |
Managers |
| 650 ## - SUBJECT ADDED ENTRY--TOPICAL TERM |
| Topical term or geographic name entry element |
Private sector |
| 650 ## - SUBJECT ADDED ENTRY--TOPICAL TERM |
| Topical term or geographic name entry element |
Public sector |
| 650 ## - SUBJECT ADDED ENTRY--TOPICAL TERM |
| Topical term or geographic name entry element |
Occupational diseases |
| 700 ## - ADDED ENTRY--PERSONAL NAME |
| Personal name |
Srivastava, Anjali |
| 773 ## - HOST ITEM ENTRY |
| Main entry heading |
Prestige International Journal of Management and Research |
| 909 ## - |
| -- |
85581 |